000 00971nam a2200205 a 4500
001 49103
005 20180714033646.0
008 140415s2002 xxu 000 0 eng d
020 _a0201180758
041 _aeng
082 _a621.3
_bGON
100 1 _aGONZALEZ, RAFAEL C.
245 1 0 _aDIGITAL IMAGE PROCESSING
250 _a2a ed.
260 _aESTADOS UNIDOS DE AMERICA :
_bPRENTICE-HALL, INC.,
_c2002
300 _a401
_c24 x 18.4 x 3
520 _aDIGITAL IMAGE PROCESSING HAS BEEN THE LEADING TEXTBOOK IN ITS FIELD FOR MORE THAN 20 YEARS. AS WAS THE CASE WITH THE 1977 AND 1987 EDITIONS BY GONZALEZ AND WINTZ, AND THE 1992 EDITION BY GONZALEZ AND WOODS, PRESENTS EDITON WAS PREPARED WITH STUDENDTS AND INSTRUCTORS IN MIND. THE MATERIAL IS TIMELY, HIGHLY READABLE, AND ILLUSTRATED WITH NUMEROUS EXAMPLES OF PRACTICAL SIGNIFICANCE.
650 1 4 _aPROCESAMIENTO DE IMAGEN
_xIMAGEN DIGITAL
_xTECNICA DIGITAL
700 1 _aWOODS, RICHARD E.
_ecoaut.
999 _c49103
_d49103